| 000 | 00987nam a22002537a 4500 | ||
|---|---|---|---|
| 005 | 20250227152927.0 | ||
| 007 | cr |||aaa||||| | ||
| 008 | 250227s2007 co| |||fo|||| 000 0 spa d | ||
| 020 | _a9789587657371 | ||
| 040 |
_aMX-MxUPN _bspa _eaacr2 |
||
| 041 | 0 | _aspa | |
| 050 | 4 | _aLB880 N52 | |
| 100 | 1 |
_aCubillos Bernal, Julio Santiago _955642 |
|
| 245 | 1 | 0 |
_aAgustín Nieto Caballero y el proceso de apropiación del pensamiento pedagógico y filosófico de John Dewey _h[recurso electrónico en línea] |
| 260 |
_aCali, Colombia : _bUniversidad del Valle, _c2018 |
||
| 300 |
_a1 recurso en línea (303 páginas) : _bPDF |
||
| 490 | 0 | _aColección educación y pedagogía | |
| 506 | 0 | _aAcceso abierto | |
| 600 | 1 | 4 |
_aNieto Caballero, Agustín, _d1889-1975 _xCrítica e interpretación _955643 |
| 600 | 1 | 4 |
_aDewey, John, _d1859-1952 _xCrítica e interpretación _95005 |
| 856 | 4 | 0 | _uhttps://hdl.handle.net/10893/18529 |
| 902 | _aVíctorGodínez/270225 | ||
| 942 |
_2lcc _cLIBRO-E |
||
| 999 |
_c212734 _d212734 |
||